000 00661nam a2200181 a 4500
001 000035311
005 20200930074241.0
008 111027s1973 cu 000 0 spa d
040 _aDO-SdBNP
_bspa
_cBNPHU
100 1 _aVlasova, T. A.
_961079
245 1 0 _aPara el maestro sobre los niños con desviaciones en el desarrollo /
_cT. A. Vlasova, M. S. Pevzner ; Traducción Caridad González Mariño.
260 _aLa Habana :
_bEditorial Prosvechemie
_bMinisterio de Educación,
_c1973.
300 _a152 p. ;
_c22 cm.
504 _aBibliografía : p. 151-152
700 1 2 _aPevzner, M. S.
_961080
700 1 2 _aGonzález Mariño, Caridad
_961081
049 _aBNPD
999 _c34802
_d34802